000 00803nmm a2200265 a 4500
001 ocm000593345
003 TR-IsHL
005 20201028133123.0
008 131121s2009 tu tur
007 cr cn
020 _a9789758724765
035 _a593345
_b(N$T)
050 0 4 _aPL248.C49
_bT7 2009
090 0 4 _aPL248.C49
_bT7 2009
100 1 _aCeyhan, Nesime
245 1 0 _aTrablusgarp Savaşı hikayeleri
_h[electronic resource] /
_cNesime Ceyhan
260 _aİstanbul :
_bSelis Kitaplar,
_c2009
300 _a208 p.
650 4 _aTarih
650 4 _aHistory
650 0 _aTürk romanı
650 0 _aTurkish fiction
650 7 _aLITERARY COLLECTIONS / Middle Eastern
_2bisacsh
856 4 0 _uhttp://search.ebscohost.com/login.aspx?direct=true&scope=site&db=e011xww&AN=593345
999 _c5466
_d5466